| 000 | 00351 a2200121 4500 | ||
|---|---|---|---|
| 001 | ART_6816 | ||
| 005 | 20260410161827.0 | ||
| 008 | 260409a | ||
| 245 | 1 | 0 | _aSistema de indicadores sociales |
| 100 | 1 | _aGentile, Natacha | |
| 700 | 1 | _aLabrunée, María Eugenia | |
| 773 | 0 |
_tFACES _g- Año 16, Nº 34/35 (ene./dic. 2010) _wREV5046 |
|
| 999 |
_c22836 _d22836 |
||